000 00652cam3a220018100 4500
001 tmp15223523
003 UPRA
005 20190826102733.0
035 _a(Sirsi) r104948
050 _aDS 821 HAS 1938.
008 950718s1938 ja eng u
020 _a08700115170
100 1 _aHasegawa, Nyozekan, 1875-1969.
_dHasegawa, Nyozekan, 1875-1969.
_6A61944.1
245 1 4 _aThe Japanese character :
_ba cultural profile /
_cNyozekan Hasegawa ; translated by John Bester.
260 _aTokyo :
_bKodansha International,
_c[1938]
500 _aTranslation of Nihonteki Seikaku.
651 0 _aJapan -- Civilization.
_xJapan -- Civilization.
_6S4949.1
999 _c164789
_d164789